Fotoquimica de gases /
Guardado en:
| Autor Principal: | |
|---|---|
| Autor Corporativo: | |
| Formato: | Libro |
| Idioma: | Spanish |
| Publicado: |
Washington, D. C. :
Secretaría General de la Organización de los Estados Americanos, Programa Regional de Desarrollo Cientifico y Tecnologico,
1972.
|
| Series: | Serie de quimica ;
Monografia no. 7 |
| Materias: | |
| Etiquetas: |
Agregar Etiqueta
Sin Etiquetas, Sea el primero en etiquetar este registro!
|
| LEADER | 00959cam a22002295a 4500 | ||
|---|---|---|---|
| 001 | EIQ.libpla000632 | ||
| 008 | 770830s1972####dcua#####b####000#0#spa#d | ||
| 005 | 20060412192638.0 | ||
| 245 | 1 | 0 | |a Fotoquimica de gases / |c Ralf-Dieter Penzhorn. |
| 260 | |a Washington, D. C. : |b Secretaría General de la Organización de los Estados Americanos, Programa Regional de Desarrollo Cientifico y Tecnologico, |c 1972. | ||
| 300 | |a v, 58 p. : |b il. ; |c 23 cm. | ||
| 440 | 0 | |a Serie de quimica ; |v Monografia no. 7 | |
| 504 | |a Incluye referencias bibliográficas. | ||
| 100 | 1 | |a Penzhorn, Ralf-Dieter, |d 1936- | |
| 710 | 2 | |a Organización de los Estados Americanos. |b Programa Regional de Desarrollo Cientifico y Tecnologico. | |
| 650 | 4 | |a Fotoquímica |x Teoría. | |
| 650 | 4 | |a Gases |x Contaminación. | |
| 650 | 4 | |a Gases |x Contamination. | |
| 650 | 4 | |a Photochemistry |x Theory. | |
| 010 | |a 72220484 | ||
| 040 | |a DLC |c ScU |d AR-BbSID | ||
| 859 | |a AR-BbSID |b BIB. PLAPIQUI |h 541.35 |i P 389 |p 5253 | ||
